Las vacaciones del pequeño Nicolás / (Registro nro. 11608)

Detalles MARC
000 -LIDER
fixed length control field 00892nam a22003017a 4500
001 - NÚMERO DE CONTROL
Identificador de número de control 000572
003 - IDENTIFICACDOR DE NÚMERO DE CONTROL
control field DO-SdBNP
005 - DATE AND TIME OF LATEST TRANSACTION
control field 20180205152729.0
007 - CAMPOS FIJOS DE DESCRIPCIÓN FÍSICA
fixed length control field 000572
008 - ELEMENTOS DE LONGITUD FIJA
fixed length control field 161019b 2003 sp a ||||| |||| 00| 0 spa d
020 ## - ISBN
International Standard Book Number 8420466077
040 ## - FUENTE DE CATALOGACIÓN
Agencia que crea de manera original el registro BPMSU
Idioma de catalogación spa
Agencia que realiza la transcripción BPMSU
041 17 - CÓDIGOS DE OBRAS TRADUCIDAS O EN VARIOS IDIOMAS
Código del idioma del texto/archivo de sonido o separata spa
Código del idioma del texto hablado fre
082 ## - NÚMERO DE CLASIFICACIÓN DECIMAL DE DEWEY
Classification number xxxxxx
100 1# - ASIENTO PRINCIPAL -- NOMBRE PERSONAL
Nombre personal Sempé, Jean-Jaques,
Fechas asociadas con el nombre 1932-
240 ## - TITULO UNIFORME
Título uniforme Les vacances du petit Nicolas.
Idioma de una obra Español
245 10 - MENCIÓN DE TITULO
Título Las vacaciones del pequeño Nicolás /
Mención de responsabilidad Sempe, Goscinny ; [traducción, Esther Benítez.
260 ## - PUBLICACIÓN, DISTRIBUCIÓN, ETC. (PIE DE IMPRENTA)
Lugar de publicación, distribución, etc Madrid :
Nombre del editor, distribuidor, etc. Alfaguara,
Fecha de publicación, distribución, etc 2003.
300 ## - DESCRIPCIÓN FÍSICA
Extensión 147 p. :
Otros detalles físicos il.
Dimensiones 20 cm.
490 1# - MENCIÓN DE SERIES
Mención de serie Alfaguay
500 ## - NOTA GENERAL
Nota general Les vacances du petit Nicolas.
700 1# - ASIENTO SECUNDARIO -- NOMBRE PERSONAL
Nombre personal Goscinny, René,
Fechas asociadas con el nombre 1926-1977.
700 1# - ASIENTO SECUNDARIO -- NOMBRE PERSONAL
Nombre personal Goscinny
830 #0 - ASIENTO SECUNDARIO DE SERIE--TÍTULO UNIFORME
Título uniforme Alfaguay
942 ## - ADDED ENTRY ELEMENTS (KOHA)
Source of classification or shelving scheme Dewey Decimal Classification
Koha item type Libros
945 ## - INFORMACIÓN DE PROCESAMIENTO LOCAL
Información de procesamiento local Inventariado, 2018 / BT
956 ## - LOCAL ELECTRONIC LOCATION AND ACCESS (OCLC)
Método de acceso LOPEREZ
Materiales especificados 10
Enlace 20161019
Campo enlazado y núm. de secuencia BPMSU
Nombre de host 00041
Existencias
Withdrawn status Lost status Source of classification or shelving scheme Damaged status Not for loan Collection code Home library Current library Date acquired Source of acquisition Total Checkouts Full call number Barcode Date last seen Price effective from Koha item type
    Dewey Decimal Classification     Colección Juvenil General Biblioteca Pública Metropolitana Salomé Ureña Biblioteca Pública Metropolitana Salomé Ureña 10/19/2016 FUNDI   xxxxxx BPMSU16100263 10/19/2016 10/19/2016 Libros